Music Quiz

Random Music or Song Quiz

Song Titles and Dance Moves Quiz Stats

Quiz not verified by Sporcle

Also try: Dance Songs
Challenge
Share
Tweet
Embed
Score 0/36 Timer 07:00
0 Plays Today
% Correct
Y.M.C.A.
80%
Polka
80%
Twist
78.8%
Bridge
78.8%
Grapevine
77.6%
Jazz
75.3%
Disco
74.1%
Swing
72.9%
Vogue
71.8%
Mambo
70.6%
Bamba
70.6%
Macarena
68.2%
Hula
67.1%
Whip
67.1%
Hip Hop
65.9%
Time Warp
63.5%
Jive
62.4%
Ballroom
61.2%
% Correct
Boogie Woogie
58.8%
Cotton Eye Joe
57.6%
Electric Slide
52.9%
Cupid Shuffle
51.8%
Dougie
51.8%
Tap
49.4%
Conga
48.2%
Tango
48.2%
Waltz
45.9%
Loco-Motion
45.9%
Cha Cha
44.7%
Robot
43.5%
Pony
42.4%
Shimmy
41.2%
Calypso
40%
Hustle
37.6%
Limbo
29.4%
Rhumba
15.3%

You're not logged in!

Compare scores with friends on all Sporcle quizzes.
Sign Up with Email
OR
Log In

You Might Also Like...

Show Comments

Extras

Top Quizzes Today


Score Distribution

Your Account Isn't Verified!

In order to create a playlist on Sporcle, you need to verify the email address you used during registration. Go to your Sporcle Settings to finish the process.